Estatísticas para Guiana

Clique aqui para jogar o quiz

Estatísticas Gerais

  • Esse quiz foi jogado 11 vezes
  • A pontuação média é 8 de 15

Estatísticas das Respostas

HintResposta% Correto
Onde fica?América do Sul
100%
Com que país faz fronteira a Sul e Sudeste?Brasil
89%
Qual é o seu idioma?Inglês
89%
Com que país faz fronteira a Leste?Suriname
89%
Com que país faz fronteira a Oeste?Venezuela
78%
Qual é a sua capital?Georgetown
67%
Com que oceano faz fronteira a Norte?Oceano Atlântico
67%
Qual é a sua religião?Cristianismo
56%
De que país é independente?Reino Unido
56%
Qual é o seu tipo de clima?Tropical
56%
Qual é a sua moeda?Dólar da Guiana
33%
Qual é o seu código ISO?GUY
22%
Qual é o seu pássaro nacional?Jacu-cigano
0%
Qual é o festival que se realiza anualmente no dia dia 23 de fevereiro?Mashramani
0%
Qual é o seu prato típico?Roti
0%

Distribuição das Pontuações

Percentil de Números Respondidos

Porcentagem de Pessoas com Cada Pontuação

Sua Pontuação Histórica

Você não jogou esse quiz